000 01093nam a22003377a 4500
003 CHAP
005 20220329140502.0
008 971013s1947 mx a r 00010 spa d
010 _a52660
011 _a53632
035 _a57782
040 _cCHAP
090 _aTesis
100 0 0 _aSánchez Fuentes, Miguel.
_9107515
245 1 _aBreve estudio económico-agrícola sobre la producción azucarera mexicana
260 _aChapingo, Méx. :
_bEl autor,
_c1947
300 _a80 p.
_b: ilus.
500 _ac.4 en bodega
502 _aTesis (Ing. Agr. Esp. en Economía) -- ENA
590 _aALEPH
_b10
_c20130110
_lUCH01
_h1329
590 _aBATCH-UPD
_b10
_c20130110
_lUCH01
_h2125
590 _aBATCH-UPD
_b10
_c20130410
_lUCH01
_h1435
590 _aBATCH-UPD
_b10
_c20130914
_lUCH01
_h0510
590 _aCONVERSION
_b10
_c20130109
_lUCH01
_h1328
650 1 4 _aAzúcar
_xAspectos económicos
_xMéxico.
_99140
901 _aBK
942 _cFOLL
949 _bBC
_cTES
_d-125583
_eTS1
_i57782
_si
949 _bBC
_cTES
_d-125584
_eTS2
_fc.2
_i57782
_si
949 _bBC
_cTES
_d-125585
_eTS2
_fc.3
_i57782
_si
999 _c52660
_d52660